Equipe de France de football (Euro 1996,Coupe du monde 1998,Euro 2000) - Statistiques

Statistiques générales
  • Ce quiz a été pris 556 fois
  • Le résultat moyen est 15 sur 18
Statistiques - réponses
Compétition Stade Adversaire Score % Correct
CdM 1998 Finale Brésil 3-0
99%
CdM 1998 Quarts de finale Italie 0-0 (4-3 tab)
99%
Euro 2000 Finale Italie 2-1 b.e.o.
99%
Euro 2000 Demi-finale Portugal 2-1 b.e.o.
96%
CdM 1998 Demi-finale Croatie 2-1
95%
Euro 1996 1er tour Espagne 1-1
94%
Euro 2000 Quarts de finale Espagne 2-1
94%
CdM 1998 1er tour Danemark 2-1
91%
Euro 2000 1er tour Danemark 3-0
91%
Euro 1996 Quarts de finale Pays-Bas 0-0 (5-4 tab)
84%
Euro 2000 1er tour Pays-Bas 2-3
84%
CdM 1998 Huitièmes de finale Paraguay 1-0 b.e.o.
82%
CdM 1998 1er tour Arabie saoudite 4-0
79%
CdM 1998 1er tour Afrique du Sud 3-0
73%
Euro 1996 Demi-finale République tchèque 0-0 (5-6 tab)
69%
Euro 2000 1er tour République tchèque 2-1
69%
Euro 1996 1er tour Roumanie 1-0
61%
Euro 1996 1er tour Bulgarie 3-1
55%
Aucun quiz correspondant
Distribution des résultats
% des personnes avec chaque résultat
Percentile par nombre de réponses
Votre historique - résultats
Vous n’avez pas pris ce quiz